Регионална библиотека "Любен Каравелов" - Русе

Технология на кораборемонта (Запис номер 127046)

MARC детайли
000 -Лидер
Контролно поле с фиксирана дължина nam a22 a 4500
003 - Код на организацията, давaща контролен номер
Контролно поле BLK
005 - Дата и час на последна редакция
Контролно поле 20220819145853.0
008 - Елементи от данни с фиксирана дължина
fixed length control field 180409b bul|||||r ||||||| ||bul||
040 ## - Източник на каталожния запис
Идентификатор на билиотеката - собственик на записа BLK
041 ## - Код за език
Код за езика на текст/звукозапис или на отделно заглавие Български
Код за езика КДБФ Български
080 ## - УДК
Текстов определител УДК Водни транспортни средства. Морски транспортни средства. Плавателни съдове. Кораби. Корабостроене
УДК код - определител по УДК 629.5
УДК определител (075.3)
УДК - код + определител 629.5(075.3)
100 1# - Редна дума - Автор
Автор Бинев, Димитър В.
Авторска отговорност първи автор
R(LIN) 320465
139 ## - Редно поле
Редна дума Бинев, Димитър В.
Авторски знак Би - Б 44
245 10 - Сведения за заглавието
Заглавие Технология на кораборемонта
Подзаглавни данни Учебник за техникумите по корабостроене, корабоплаване и морски и океански риболов по спец. корабни машини и механизми
Редно поле (дума) Димитър В. Бинев.
257 ## - Страна на издаване
Страна на създаване/издаване България
260 ## - Област на издателските данни
Място на издаване, разпространение и проч. София
Име на издателя, разпространителя и проч. Техника
Година на издаване 1974
300 ## - Физическа характеристика
Страници 195 с.
Илюстрации и др. с ил.
Размери/Мащаб 22 см
380 ## - Жанр
Жанр Техника
500 ## - Общи забележки
Забележка 1 066 тир.
650 #4 - Допълнително описание по предмет – тема
Основно описание – тема или топоним Корабни машини - ремонт - технология
9 (RLIN) 246524
650 #4 - Допълнително описание по предмет – тема
Основно описание – тема или топоним Корабни машини - учебници за средни училища
9 (RLIN) 320466
653 ## - Ключова дума – ненормативна
Ключова дума кораборемонти
653 ## - Ключова дума – ненормативна
Ключова дума корабно оборудване
653 ## - Ключова дума – ненормативна
Ключова дума учебници за средни училища
852 ## - Местоположение
Форматна сигнатура Цб 72069
Фондова буква Фонд "Михаил Арнаудов"
856 4# - Електронен адрес и достъп
Електронен формат pdf - файл
856 4# - Електронен адрес и достъп
Електронен формат pdf - файл
999 ## - СИСТЕМНИ КОНТРОЛНИ НОМЕРА
Koha biblionumber 127046
Koha biblioitemnumber 127046
942 ## - АРТИКУЛИ
Вид на библиотечния материал Книги
Скрит в OPAC Не
Периодичен библиозапис Да
944 ## - СЪЗДАВАНЕ И РЕДАКЦИЯ на ЗАПИСА
Създаване/Редакция Създаване
Дата на регистрацията/редакция 09.08.2012
Статус, дата на статуса 09.08.2012 - от С1,Р / 09.08.2012
Служител, извършил регистрацията/редакцията Севдалина_Василева
944 ## - СЪЗДАВАНЕ И РЕДАКЦИЯ на ЗАПИСА
Създаване/Редакция Редакция
Дата на регистрацията/редакция 09.08.2012
Статус, дата на статуса 09.08.2012 - от С1,Р / 09.08.2012
999 ## - СИСТЕМНИ КОНТРОЛНИ НОМЕРА
Koha biblioitemnumber 127046
999 ## - СИСТЕМНИ КОНТРОЛНИ НОМЕРА
Koha biblioitemnumber 127046
Наличности
Код за отписване Код за изгубен артикул Източник на класификационната схема Код за повреда Коз за рестрикции Код за отдаване Артикулен № Име на библиотеката - собственик Име на библиотеката, в която се намира в момента Статус (Текущо местоположение) Дата на вписване в системата Местоположение - отдел Цена в лева Инвентарен номер Систематично азбучна сигнатура Баркод Номер на екземпляра Цена в евро Служебна бележка Служебен тип на артикула Бележка за публиката
  Не е изгубен Universal Decimal Classification Не е повреден само за читалня ползва се в читалня 206737 Регионална библиотека "Любен Каравелов" Русе Регионална библиотека "Любен Каравелов" Русе Хранилище 1974-01-01 Хранилище 0.55 166950 Цб 72069 120000166950 1 0.28 Дост: Dp Вид: Д N: стар фонд Дата: 01.01.1974 Книги  
Изтеглен Не е изгубен Universal Decimal Classification Не е повреден без рестрикции заемане за дома 206738 Регионална библиотека "Любен Каравелов" Русе Регионална библиотека "Любен Каравелов" Русе Заемна - подръчен фонд 1974-01-01 Заемна - подръчен фонд 0.55 177271 П 629.12/Б 44 177271 2 0.28 Дост: Pk Вид: Ф N: стар фонд Дата: 01.01.1974 Книги  
Изтеглен Не е изгубен Universal Decimal Classification Не е повреден без рестрикции заемане за дома 206739 Регионална библиотека "Любен Каравелов" Русе Регионална библиотека "Любен Каравелов" Русе Заемна - подръчен фонд 1974-01-01 Заемна - подръчен фонд 0.55 182928 629.5/Б 44 182928 3 0.28 Дост: Pk Вид: Ф N: стар фонд Дата: 01.01.1974 Дата инв: 07.02.2018 Бележки инв: П2018 Книги  
Изтеглен Не е изгубен   Не е повреден без рестрикции заемане за дома 206740 Регионална библиотека "Любен Каравелов" Русе Регионална библиотека "Любен Каравелов" Русе   1974-01-01 Заемна - подръчен фонд 0.55 182929 П 629.12/Б 44 182929 4 0.28 Дост: Pk Вид: Ф N: стар фонд Дата: 01.01.1974 Книги Отч.N: 29/2018 , Дата: 28.03.2018
Vip Innovations Ltd, Rousse, Bulgaria 2025